• 首页
  • 本馆介绍
  • 公告通知
  • 最新文献
  • 馆藏检索
  • 电子资源
  • 读者导购
  • 参考咨询
  • 我的图书馆
  • 登录
  • 详细信息显示
  • 放入我的书架
  • 预约/预借图书
  • 作者相关作品
  • 分类相关作品
  • 丛书相关作品
  • 出版社相关作品

书目信息

  • 表格格式
  • 工作单格式
  • 卡片格式
题名:
新农村建设与城镇化推进中农村教育布局调整研究
    
 
作者: 史宁中 著
分册:  
出版信息: 北京   经济科学出版社  2014
页数: 634页
开本: 25cm
丛书名:
单 册:
中图分类: G725
科图分类:
主题词: 乡村教育--研究--中国 , 乡村教育
电子资源:
ISBN: 978-7-5141-4299-0
000 01413nam0 2200265 450
001 012015000099
005 20151210163321.62
010    @a978-7-5141-4299-0@dCNY105.00
100    @a20140818d2014 emky0chiy50 ea
101 0  @achi@deng@eeng
102    @aCN@b110000
105    @ay z 000yy
106    @ar
200 1  @a新农村建设与城镇化推进中农村教育布局调整研究@Axin nong cun jian she yu cheng zhen hua tui jin zhong nong cun jiao yu bu ju tiao zheng yan jiu@dResearch on rural school consolidation in building new countryside and accelerating urbanization@f史宁中等著@zeng
210    @a北京@c经济科学出版社@d2014
215    @a634页@d25cm
300    @a教育部哲学社会科学研究重大课题攻关项目
330    @a本书基于工业化、城镇化和新农村建设的宏大背景,对农村学校布局调整的系列问题进行了深入的探讨。本书全面阐述了农村学校布局调整的内涵、要素、发展历程、标准、合理化模型及分类规划等理论问题。中国地域广大,情况复杂,本书对人口输入型、校车主导型、学区型、寄宿型、人口稳定型、多民族聚居型、小规模学校保留型等不同的农村学校布局调整类型进行了分类调查研究,并有针对性地提出了相应的布局调整策略。
510 1  @aResearch on rural school consolidation in building new countryside and accelerating urbanization@zeng
606 0  @a乡村教育@x研究@y中国
606 0  @a乡村教育
690    @aG725@v5
701  0 @a史宁中@Ashi ning zhong@f(1950~)@4著
801  0 @aCN@b碧洲教育@c20151129
905    @a10447@f2@dG725@e137
    
    新农村建设与城镇化推进中农村教育布局调整研究=Research on rural school consolidation in building new countryside and accelerating urbanization/史宁中等著.-北京:经济科学出版社,2014
    634页;25cm
    教育部哲学社会科学研究重大课题攻关项目
    
    ISBN 978-7-5141-4299-0:CNY105.00
    本书基于工业化、城镇化和新农村建设的宏大背景,对农村学校布局调整的系列问题进行了深入的探讨。本书全面阐述了农村学校布局调整的内涵、要素、发展历程、标准、合理化模型及分类规划等理论问题。中国地域广大,情况复杂,本书对人口输入型、校车主导型、学区型、寄宿型、人口稳定型、多民族聚居型、小规模学校保留型等不同的农村学校布局调整类型进行了分类调查研究,并有针对性地提出了相应的布局调整策略。
●
相关链接 在E读中查询图书 在五车中查询图书 在当当中查询图书 在豆瓣中查询图书


正题名:新农村建设与城镇化推进中农村教育布局调整研究     索取号:G725/137         预约/预借

序号 登录号 条形码 馆藏地/架位号 状态 备注
1 0872149   208721490   第一样本阅览室/ [索取号:G725/137] 在馆    
2 0872150   208721506   教育系资料室/ [索取号:G725/137] 在馆    
唐山师范学院图书馆 欢迎您!
大连网信软件有限公司© 版权所有